Normal view
MARC view
- الجرائم الالكترونية
Entry Topical Term
001 - CONTROL NUMBER
- control field: 59756
003 - CONTROL NUMBER IDENTIFIER
- control field: JO-AjAnu
005 - DATE AND TIME OF LATEST TRANSACTION
- control field: 20230606083753.0
008 - FIXED-LENGTH DATA ELEMENTS
- fixed length control field: 230606|| aca||aabn | a|a d
040 ## - CATALOGING SOURCE
- Original cataloging agency: JO-AjAnu
- Transcribing agency: JO-AjAnu
150 ## - HEADING--TOPICAL TERM
- Topical term or geographic name entry element: الجرائم الالكترونية
670 ## - SOURCE DATA FOUND
- Source citation: Work cat.: (JO-AjAnu)30474: اعداد: صافي محمود مقدادي؛ اشراف: زيد الغرايبة, author 59755, حجية الدليل الالكتروني المستمد من التفتيش الجنائي (دراسة مقارنة)=Authentic electronic evidence derived from criminal inspection (A comparative study